Normal view
MARC view
- Kanza Sheikh
Entry Personal Name
001 - CONTROL NUMBER
- control field: 15370
003 - CONTROL NUMBER IDENTIFIER
- control field: NUST
005 - DATE AND TIME OF LATEST TRANSACTION
- control field: 20190624060532.0
008 - FIXED-LENGTH DATA ELEMENTS
- fixed length control field: 190624|| aca||aabn | a|a d
040 ## - CATALOGING SOURCE
- Original cataloging agency: NUST
- Transcribing agency: NUST
100 ## - HEADING--PERSONAL NAME
- Personal name: Kanza Sheikh
670 ## - SOURCE DATA FOUND
- Source citation: Work cat.: (NUST): Kanza Sheikh , A Hybrid Forecasting Approach for Smart Grids and PV-Systems / , 2017.
